[Event "POR-ch Amateur U1600"]
[Site "Vila Nova de Gaia"]
[Date "2017.09.23"]
[Round "4"]
[White "Pacheco, Joao Pedro Lima"]
[Black "Fonseca, Pedro Miguel Ramos"]
[Result "0-1"]
[WhiteElo "1139"]
[BlackElo "1152"]
[PlyCount "136"]
[EventDate "2017.09.20"]
[EventType "swiss"]
[EventRounds "5"]
[EventCountry "POR"]
[SourceTitle "EXT 2019"]
[Source "ChessBase"]
[SourceDate "2018.10.10"]
[SourceVersion "1"]
[SourceVersionDate "2018.10.10"]
[SourceQuality "1"]

1. e4 e5 2. Nf3 Nc6 3. Bc4 Bc5 4. d3 Nf6 5. Ng5 0-0 6. 0-0 d6 7. a3 Bg4 8. Qd2 h6 9. h3 Bh5 10. g4 Bg6 11. Nf3 Qd7 12. Nh2 Nh7 13. Nc3 Ng5 14. Kg2 Ne6 15. Qe2 Ncd4 16. Qd1 b5 17. Bd5 c6 18. Bxe6 Nxe6 19. b4 Bd4 20. Bb2 Nf4+ 21. Kg3 h5 22. f3 h4+ 23. Kxh4 Ng2+ 24. Kg3 Ne3 25. Qe2 Nxf1+ 26. Nxf1 a5 27. Qd1 a4 28. Ra2 Qe6 29. Ra1 Qf6 30. Rb1 Bg1 31. Ne2 Bb6 32. Qd2 d5 33. g5 Qe6 34. f4 dxe4 35. Bxe5 exd3 36. cxd3 Rad8 37. Nc1 Bf5 38. h4 Qg6 39. Rb2 Bxd3 40. Nh2 Bc4 41. Qc3 f6 42. Nf3 fxe5 43. Nxe5 Qf5 44. Nxc4 Qxf4+ 45. Kh3 Qf1+ 46. Kg3 Bf2+ 47. Kg4 Qd1+ 48. Ne2 Rd4+ 49. Kh5 Rxh4+ 50. Kg6 Bd4 51. Qd2 Qxd2 52. Rxd2 Ba1 53. Nb6 Rh2 54. Ra2 Re8 55. Rxa1 Rhxe2 56. Rd1 R8e6+ 57. Kf5 g6+ 58. Kf4 R6e4+ 59. Kf3 R2e3+ 60. Kf2 Rxa3 61. Rd6 Rxb4 62. Ke2 Rb2+ 63. Rd2 Rxd2+ 64. Kxd2 Rg3 65. Nd7 Rxg5 66. Kc3 Rg1 67. Ne5 g5 68. Nxc6 Rc1+ 0-1

[Event "POR-ch Amateur U1600"]
[Site "Vila Nova de Gaia"]
[Date "2017.09.20"]
[Round "1"]
[White "Silva, Daniel Frederico V"]
[Black "Pacheco, Joao Pedro Lima"]
[Result "1-0"]
[WhiteElo "1432"]
[BlackElo "1139"]
[PlyCount "29"]
[EventDate "2017.09.20"]
[EventType "swiss"]
[EventRounds "5"]
[EventCountry "POR"]
[SourceTitle "EXT 2019"]
[Source "ChessBase"]
[SourceDate "2018.10.10"]
[SourceVersion "1"]
[SourceVersionDate "2018.10.10"]
[SourceQuality "1"]

1. e4 e5 2. Nf3 Nc6 3. Bc4 Be7 4. Nc3 Na5 5. Nxe5 Nxc4 6. Nxc4 Nf6 7. e5 Ng8 8. d4 d6 9. 0-0 Be6 10. d5 Bf5 11. f4 Qd7 12. Be3 Nh6 13. Qd2 Bh3 14. gxh3 Qxh3 15. Qg2 1-0

[Event "Guimaraes op"]
[Site "Guimaraes"]
[Date "2017.09.06"]
[Round "7"]
[White "Sarabando, Rodrigo Andias"]
[Black "Pacheco, Joao Pedro Lima"]
[Result "1-0"]
[WhiteElo "1184"]
[BlackElo "1139"]
[PlyCount "77"]
[EventDate "2017.09.02"]
[EventType "swiss"]
[EventRounds "7"]
[EventCountry "POR"]
[SourceTitle "CBM 180 Extra"]
[Source "ChessBase"]
[SourceDate "2017.10.06"]
[SourceVersion "1"]
[SourceVersionDate "2017.10.06"]
[SourceQuality "1"]

1. d4 c6 2. c4 d5 3. Nc3 Nf6 4. Nf3 e6 5. Bf4 Be7 6. e3 Nbd7 7. Bd3 Nb6 8. cxd5 Nbxd5 9. Nxd5 cxd5 10. 0-0 Bd7 11. Qe2 0-0 12. Be5 Ne8 13. Bc2 Bf6 14. Qd3 g6 15. Rac1 b5 16. e4 Bc6 17. Qe2 a5 18. Bd3 dxe4 19. Bxe4 Bxe4 20. Qxe4 Nd6 21. Qe2 Qe7 22. Rfd1 Rac8 23. Rxc8 Rxc8 24. Bxd6 Qxd6 25. Qxb5 Bxd4 26. Nxd4 Qxd4 27. Rxd4 Rc1+ 28. Qf1 Rxf1+ 29. Kxf1 e5 30. Ra4 f5 31. Rxa5 e4 32. Rd5 Kf7 33. b4 Ke6 34. Rd1 Kf6 35. b5 h5 36. b6 Kg5 37. Rd6 f4 38. b7 Kh6 39. b8Q 1-0

[Event "Guimaraes op"]
[Site "Guimaraes"]
[Date "2017.09.02"]
[Round "1"]
[White "Pacheco, Joao Pedro Lima"]
[Black "Duarte, Duarte Nuno Nog"]
[Result "0-1"]
[WhiteElo "1139"]
[BlackElo "1917"]
[PlyCount "68"]
[EventDate "2017.09.02"]
[EventType "swiss"]
[EventRounds "7"]
[EventCountry "POR"]
[SourceTitle "CBM 180 Extra"]
[Source "ChessBase"]
[SourceDate "2017.10.06"]
[SourceVersion "1"]
[SourceVersionDate "2017.10.06"]
[SourceQuality "1"]

1. e4 e5 2. Nf3 Nf6 3. Nc3 Bb4 4. d3 Nc6 5. Bd2 0-0 6. a3 Bc5 7. h3 h6 8. Be2 d5 9. b4 Bb6 10. 0-0 Re8 11. Na4 dxe4 12. Nxb6 axb6 13. dxe4 Nxe4 14. Bd3 Nxd2 15. Nxd2 Bd7 16. Re1 f5 17. c3 Qf6 18. Nf3 Rad8 19. Ra2 Be6 20. c4 e4 21. Rd2 exd3 22. Rxd3 Bxc4 23. Rxe8+ Rxe8 24. Rd2 Rd8 25. Qc1 b5 26. Rc2 Nd4 27. Rd2 Ne2+ 28. Rxe2 Bxe2 29. Qxc7 Rd1+ 30. Kh2 Bxf3 31. gxf3 Qd6+ 32. Qxd6 Rxd6 33. Kg3 Kf7 34. h4 Kf6 0-1

[Event "Famalicao op 5th"]
[Site "Famalicao"]
[Date "2017.07.29"]
[Round "1"]
[White "Fernandes, Joao Pedro Murtinho"]
[Black "Pacheco, Joao Pedro Lima"]
[Result "1-0"]
[WhiteElo "1953"]
[BlackElo "1174"]
[PlyCount "69"]
[EventDate "2017.07.29"]
[EventType "swiss"]
[EventRounds "9"]
[EventCountry "POR"]
[SourceTitle "EXT 2018"]
[Source "ChessBase"]
[SourceDate "2017.10.13"]
[SourceVersion "1"]
[SourceVersionDate "2017.10.13"]
[SourceQuality "1"]

1. e4 e5 2. Nf3 Nc6 3. Bb5 Nf6 4. 0-0 Nxe4 5. Re1 a6 6. Bxc6 bxc6 7. Rxe4 d6 8. d4 Bf5 9. Re1 f6 10. Nc3 Be7 11. Ne2 0-0 12. Ng3 Bg6 13. Nh4 Qe8 14. Ngf5 Bd8 15. Qg4 Bxf5 16. Nxf5 Rf7 17. Nh6+ Kh8 18. Nxf7+ Qxf7 19. Bd2 Rb8 20. b3 Rb7 21. Rad1 Be7 22. Qc8+ Bd8 23. Qxb7 c5 24. dxc5 d5 25. Ba5 d4 26. c3 h6 27. cxd4 Qe7 28. dxe5 fxe5 29. Qc8 Kh7 30. Rxd8 h5 31. Qf5+ g6 32. Qd7 Qxd7 33. Rxd7+ Kh6 34. Rxe5 c6 35. Bd2+ 1-0

[Event "Famalicao op 4th"]
[Site "Famalicao"]
[Date "2016.08.05"]
[Round "7"]
[White "Ribeiro, Orlando Camilo Duar"]
[Black "Pacheco, Joao Pedro Lima"]
[Result "1-0"]
[WhiteElo "1375"]
[BlackElo "1225"]
[PlyCount "63"]
[EventDate "2016.07.30"]
[EventType "swiss"]
[EventRounds "7"]
[EventCountry "POR"]
[SourceTitle "CBM 173 Extra"]
[Source "ChessBase"]
[SourceDate "2016.08.29"]
[SourceVersion "1"]
[SourceVersionDate "2016.08.29"]
[SourceQuality "1"]

1. e4 e5 2. Nf3 d6 3. Bc4 Nf6 4. d3 Bg4 5. h3 Bh5 6. Be3 Nc6 7. Nbd2 d5 8. exd5 Nxd5 9. g4 Bg6 10. Bb5 Qd7 11. Nxe5 Nxe3 12. fxe3 Qd5 13. Bxc6+ bxc6 14. Ndf3 Be7 15. Nxg6 fxg6 16. e4 Qa5+ 17. Qd2 Qb5 18. c3 0-0 19. 0-0 Bg5 20. Nxg5 Qc5+ 21. Kg2 Rfe8 22. Qf2 Re5 23. d4 Rf8 24. Qxf8+ Qxf8 25. Rxf8+ Kxf8 26. dxe5 h6 27. Ne6+ Ke7 28. Nxc7 Kd7 29. Rd1+ Kxc7 30. e6 h5 31. e7 g5 32. e8Q 1-0

[Event "Famalicao op 4th"]
[Site "Famalicao"]
[Date "2016.08.02"]
[Round "4"]
[White "Pacheco, Joao Pedro Lima"]
[Black "Sampaio, Carlos Daniel Lemos"]
[Result "1-0"]
[WhiteElo "1225"]
[BlackElo "1064"]
[PlyCount "95"]
[EventDate "2016.07.30"]
[EventType "swiss"]
[EventRounds "7"]
[EventCountry "POR"]
[SourceTitle "CBM 173 Extra"]
[Source "ChessBase"]
[SourceDate "2016.08.29"]
[SourceVersion "1"]
[SourceVersionDate "2016.08.29"]
[SourceQuality "1"]

1. e4 e5 2. Nf3 Nc6 3. c3 Nf6 4. d3 Be7 5. Nbd2 d6 6. Be2 0-0 7. 0-0 d5 8. Ng5 h6 9. Ngf3 Bd6 10. Nh4 Ne7 11. Nb3 c6 12. Bf3 Qb6 13. Be3 Qc7 14. Re1 Be6 15. Nc5 Bxc5 16. Bxc5 Rae8 17. Bxa7 b6 18. d4 exd4 19. Qxd4 dxe4 20. Bxb6 Qb7 21. Bxe4 Nxe4 22. Rxe4 Bd5 23. Rg4 g5 24. b4 f5 25. Rg3 f4 26. Rg4 Be6 27. h3 Bxg4 28. Ng6 Nxg6 29. hxg4 c5 30. Bxc5 Nh4 31. f3 Nxf3+ 32. gxf3 Qxf3 33. Bxf8 Qg3+ 34. Kf1 Kxf8 35. Qf6+ Kg8 36. Qg6+ Kf8 37. Qxh6+ Ke7 38. Qxg5+ Kd7 39. Rd1+ Kc7 40. Qg7+ Kb6 41. Qg6+ Kb5 42. Qxe8+ Kb6 43. Qd8+ Kb5 44. Qd5+ Kb6 45. Qc5+ Kb7 46. Rd7+ Kb8 47. Qc7+ Ka8 48. Qc8# 1-0